000 00469cam a22001691 4500
020 _a2706808233
040 _cNcRS
082 _a633 LEC 1982 C325 Or.
100 1 _aLagière, Robert.
245 1 3 _aLe Cotonnier,
260 _aParis,
_bG.-P. Maisonneuve et Larose,
_c1982.
300 _a307 p.
_billus., plates.
_c25 cm.
650 0 _aCotton.
700 1 _aRoehrich, Olivier,
710 2 _aInstitut de recherches du coton et des textiles exotiques.
942 _cAEDBB
999 _c21455
_d21455